000 00266nam a2200097Ia 4500
001 726475
005 20250826163429.0
008 250824s9999 xx 000 0 und d
245 0 _aMÜREKKEP DENİZİNDE BİTMEYEN YOLCULUK
_cALİ ÜNLÜ
260 _bATLIKARINCA YAYINLARI
999 _c726475
_d726475